MARC details
| 000 -LÍDER |
| campo de controle de tamanho fixo |
01448nas a2200421 4500 |
| 001 - NÚMERO DE CONTROLE |
| campo de controle |
BR2011007620 |
| 003 - IDENTIFICADOR DO NÚMERO DE CONTROLE |
| campo de controle |
BR-BrBNA |
| 005 - DATA E HORÁRIO DA ÚLTIMA TRANSAÇÃO |
| campo de controle |
20231205115805.0 |
| 007 - CAMPO FIXO DE DESCRIÇÃO FÍSICA--INFORMAÇÃO GERAL |
| campo de controle de tamanho fixo |
ta |
| 008 - CAMPO DE DADOS FIXOS--INFORMAÇÃO GERAL |
| campo de controle de tamanho fixo |
230509b bl.|||p| |||| 00| 00por d |
| 040 ## - FONTE DA CATALOGAÇÃO |
| Instituição da catalogação original |
BR-BrBNA |
| Idioma da catalogação |
por |
| Instituição que transcreveu o registro |
Biblioteca Nacional de Agricultura |
| 041 ## - CÓDIGO DE IDIOMA |
| Código do idioma do texto/trilha sonora ou título diferente |
(Pt) |
| 072 ## - CÓDIGO DE CATEGORIA DE ASSUNTO |
| Código de Categoria de Assunto |
L72 |
| 100 1# - ENTRADA PRINCIPAL--NOME PESSOAL |
| Nome pessoal |
Fernandes, J.I. |
| 100 1# - ENTRADA PRINCIPAL--NOME PESSOAL |
| Nome pessoal |
Correia, T.R. |
| 100 1# - ENTRADA PRINCIPAL--NOME PESSOAL |
| Nome pessoal |
Ribeiro, F.A. |
| 100 1# - ENTRADA PRINCIPAL--NOME PESSOAL |
| Nome pessoal |
Cid, Y.P. |
| 100 1# - ENTRADA PRINCIPAL--NOME PESSOAL |
| Nome pessoal |
Scott, F.B. |
| 245 1# - TÍTULO |
| Título |
Eficácia do nim (Azadirachta indica)no controle de larvas e ninfas de Amblyomma cajennense (Fabricius, 1787)(Acari: Ixodidae) |
| 246 1# - FORMA VARIANTE DO TÍTULO |
| Título/título abreviado |
Efficacy of neem (Azadirachta indica)in the control of Amblyomma cajennense (Fabricius, 1787)(Acari: ixodidae)larvae and nymphs |
| 650 ## - ASSUNTO--TERMO TÓPICO |
| Cabeçalho tópico ou nome geográfico |
NIM |
| 650 ## - ASSUNTO--TERMO TÓPICO |
| Cabeçalho tópico ou nome geográfico |
AZADIRACHTA INDICA |
| 650 ## - ASSUNTO--TERMO TÓPICO |
| Cabeçalho tópico ou nome geográfico |
INSETICIDA DE ORIGEM VEGETAL |
| 650 ## - ASSUNTO--TERMO TÓPICO |
| Cabeçalho tópico ou nome geográfico |
LARVA |
| 650 ## - ASSUNTO--TERMO TÓPICO |
| Cabeçalho tópico ou nome geográfico |
NINFA |
| 650 ## - ASSUNTO--TERMO TÓPICO |
| Cabeçalho tópico ou nome geográfico |
CARRAPATO |
| 650 ## - ASSUNTO--TERMO TÓPICO |
| Cabeçalho tópico ou nome geográfico |
PARASITO DE ANIMAL |
| 650 ## - ASSUNTO--TERMO TÓPICO |
| Cabeçalho tópico ou nome geográfico |
AZADIRACHTA INDICA |
| 650 ## - ASSUNTO--TERMO TÓPICO |
| Cabeçalho tópico ou nome geográfico |
INSETICIDA DE ORIGEM VEGETAL |
| 650 ## - ASSUNTO--TERMO TÓPICO |
| Cabeçalho tópico ou nome geográfico |
LARVA |
| 650 ## - ASSUNTO--TERMO TÓPICO |
| Cabeçalho tópico ou nome geográfico |
NINFA |
| 650 ## - ASSUNTO--TERMO TÓPICO |
| Cabeçalho tópico ou nome geográfico |
CARRAPATO |
| 650 ## - ASSUNTO--TERMO TÓPICO |
| Cabeçalho tópico ou nome geográfico |
PARASITO DE ANIMAL |
| 773 0# - ENTRADA ANALÍTICA |
| Título |
Revista Brasileira de Medicina Veterinária (Brazil) |
| ISSN - International Standard Serial Number |
ISSN 0100-2430 |
| Partes relacionadas |
(Dec 2010), v. 32(suppl. 1) p. 50-54 |
| Número de controle do registro |
BR2011007620 |
| 856 4# - LOCALIZAÇÃO ELETRÔNICA E ACESSO |
| Uniform Resource Identifier |
<a href="http://www.rbmv.com.br/pdf_artigos/06-10-2011_13-54Suple010.pdf">http://www.rbmv.com.br/pdf_artigos/06-10-2011_13-54Suple010.pdf</a> |
| Texto de ligação |
Recurso eletrônico (PDF) |
| 909 ## - |
| -- |
202311 |
| -- |
Lúcia |
| -- |
55 |
| -- |
Lúcia Elande |
| 942 ## - ELEMENTOS DE ENTRADA ADICIONADOS (KOHA) |
| Fonte da classificação ou esquema de arquivamento na estante |
Classificação AGRIS |
| Ocultar no OPAC |
Não |
| Tipo de material Koha |
Analítica |